| 000 | 00773nam a2200241 a 4500 | ||
|---|---|---|---|
| 001 | 000023668 | ||
| 005 | 20200930022402.0 | ||
| 008 | 101217s1993 sp a r 000 0 spa d | ||
| 020 | _a8420646164 | ||
| 040 |
_aDO-SdBNP _bspa _cBNPHU |
||
| 082 |
_a612.62 _bK41c |
||
| 100 | 1 |
_aKervasdoué, Anne de _d1944- _948761 |
|
| 245 | 1 | 0 |
_aEl cuerpo femenino / _cAnne de Kervasdoué ; traducción de Carmen Santos Fontenla. |
| 260 |
_aMadrid : _bAlianza, _c1993. |
||
| 300 |
_a95 p. : _bil. ; _c15 cm. |
||
| 490 | 1 |
_aAlianza Cien _v16 |
|
| 500 | _aLibro de bolsillo | ||
| 650 | 4 |
_aAparato genital femenino _92375 |
|
| 650 | 4 |
_aOrgasmo femenino _948762 |
|
| 650 | 4 |
_aExcitación sexual _948763 |
|
| 700 | 1 |
_aSantos Fontenla, Carmen _etr. _948764 |
|
| 830 | 0 |
_aAlianza Cien ; _v16 _912832 |
|
| 999 |
_c23164 _d23164 |
||